|
|
|
|
| LEADER |
00000nab a2200000 a 4500 |
| 001 |
vtls000776922 |
| 003 |
SK-MaSNL |
| 005 |
20260304025753.0 |
| 008 |
141112c1999 xo 0 eng |
| 015 |
|
|
|a SNBRB2002/01-00445
|
| 035 |
|
|
|a CLN000128708
|
| 040 |
|
|
|a SNKBUCL
|b slo
|c SNKBUCL
|e AACR2
|
| 041 |
0 |
|
|a eng
|
| 044 |
|
|
|a xo
|c SK
|
| 080 |
|
|
|a 616-053.6:613.6
|2 1997
|
| 080 |
|
|
|a 613.6
|2 1997
|
| 100 |
1 |
|
|a Strapcová, E.
|4 aut
|9 1307613
|
| 245 |
1 |
4 |
|a The network of secondary schools for young professionals in the risky working environment
|c E. Strapcová
|
| 650 |
0 |
7 |
|a povolania rizikové
|x adolescenti
|x príprava
|2 snkbucl
|9 1307614
|
| 650 |
0 |
7 |
|a abstrakty z kongresu
|2 snkbucl
|9 168204
|
| 650 |
0 |
7 |
|a školy
|2 snkbucl
|9 1276
|
| 650 |
0 |
7 |
|a dorastové lekárstvo
|2 snkbucl
|9 99517
|
| 650 |
0 |
7 |
|a voľba profesie
|2 snkbucl
|9 1307615
|
| 655 |
|
7 |
|a články z novín a časopisov
|2 snkbucl
|9 267496
|
| 711 |
2 |
|
|a Slovenský pediatrický kongres
|n (2. :
|d 1999 :
|c Košice, Slovensko)
|4 aut
|9 21968
|
| 711 |
1 |
|
|a Konferencia dorastového lekárstva
|n (15. :
|d 1999 :
|c Košice, Slovensko)
|4 aut
|9 21969
|
| 773 |
0 |
|
|t Česko-slovenská pediatrie
|g Roč. 54, č. S1 (1999), s. S 27
|x 0069-2328
|
| 850 |
|
|
|a Slovenská národná knižnica v Martine
|
| 852 |
|
|
|a SNK
|b KIS3GCP
|
| 958 |
|
|
|a MI
|
| 999 |
|
|
|c 2629621
|d 2631551
|